[Event "ODJM B 2025"]
[Site "Willingen GER"]
[Date "2025.06.11"]
[Round "5"]
[White "Tryk, Paul-Luca"]
[Black "Göb, Franziska"]
[Result "0-1"]
[Termination "normal"]
[Board "48"]
[WhiteElo "1741"]
[BlackElo "1611"]
[WhiteClock "01:12:20"]
[BlackClock "00:16:08"]
[PlyCount "120"]
[WhiteFideId "34698515"]
[BlackFideId "16293177"]
[EventCountry "GER"]
[EventRounds "9"]
[EventType "swiss"]
[EventDate "2025.06.07"]

1. e4 {[%clk 01:30:56]} {[%emt 00:00:03]} e5 {[%clk 01:30:57]} {[%emt
00:00:03]} 2. Bb5 {[%clk 01:31:09]} {[%emt 00:00:17]} a6 {[%clk 01:30:07]}
{[%emt 00:01:21]} 3. Ba4 {[%clk 01:31:30]} {[%emt 00:00:10]} Nc6 {[%clk
01:30:03]} {[%emt 00:00:34]} 4. Bxc6 {[%clk 01:31:09]} {[%emt 00:00:51]} bxc6
{[%clk 01:29:38]} {[%emt 00:00:55]} 5. Qh5 {[%clk 01:29:40]} {[%emt 00:01:58]}
d6 {[%clk 01:28:36]} {[%emt 00:01:32]} 6. d3 {[%clk 01:29:46]} {[%emt
00:00:23]} Nf6 {[%clk 01:27:38]} {[%emt 00:01:29]} 7. Qh4 {[%clk 01:30:09]}
{[%emt 00:00:08]} Be7 {[%clk 01:22:49]} {[%emt 00:05:19]} 8. Bg5 {[%clk
01:26:33]} {[%emt 00:04:06]} O-O {[%clk 01:18:38]} {[%emt 00:04:41]} 9. h3
{[%clk 01:26:04]} {[%emt 00:00:59]} Nd5 {[%clk 01:07:57]} {[%emt 00:11:11]} 10.
Bxe7 {[%clk 01:26:18]} {[%emt 00:00:16]} Nxe7 {[%clk 01:08:10]} {[%emt
00:00:17]} 11. Qg3 {[%clk 01:24:14]} {[%emt 00:02:33]} f5 {[%clk 01:03:57]}
{[%emt 00:04:43]} 12. f3 {[%clk 01:23:05]} {[%emt 00:01:40]} Ng6 {[%clk
01:01:16]} {[%emt 00:03:10]} 13. Ne2 {[%clk 01:23:13]} {[%emt 00:00:22]} Qh4
{[%clk 00:54:37]} {[%emt 00:07:09]} 14. Nbc3 {[%clk 01:21:49]} {[%emt
00:01:54]} Rb8 {[%clk 00:53:00]} {[%emt 00:02:07]} 15. b3 {[%clk 01:22:04]}
{[%emt 00:00:15]} Bb7 {[%clk 00:49:43]} {[%emt 00:03:47]} 16. Kf2 {[%clk
01:21:02]} {[%emt 00:01:32]} f4 {[%clk 00:45:55]} {[%emt 00:04:17]} 17. Qxh4
{[%clk 01:21:06]} {[%emt 00:00:27]} Nxh4 {[%clk 00:46:19]} {[%emt 00:00:06]}
18. Rhg1 {[%clk 01:19:26]} {[%emt 00:02:10]} d5 {[%clk 00:43:11]} {[%emt
00:03:38]} 19. Rad1 {[%clk 01:16:45]} {[%emt 00:03:10]} Rbd8 {[%clk 00:40:33]}
{[%emt 00:03:09]} 20. Na4 {[%clk 01:15:57]} {[%emt 00:01:18]} Bc8 {[%clk
00:39:02]} {[%emt 00:02:00]} 21. Nc5 {[%clk 01:15:59]} {[%emt 00:00:29]} Ng6
{[%clk 00:36:40]} {[%emt 00:02:51]} 22. c4 {[%clk 01:11:46]} {[%emt 00:04:44]}
Nh8 {[%clk 00:34:10]} {[%emt 00:03:00]} 23. Nc3 {[%clk 01:11:15]} {[%emt
00:01:00]} d4 {[%clk 00:33:19]} {[%emt 00:01:21]} 24. N3a4 {[%clk 01:07:59]}
{[%emt 00:03:46]} Nf7 {[%clk 00:31:09]} {[%emt 00:02:40]} 25. Rd2 {[%clk
01:01:40]} {[%emt 00:06:50]} a5 {[%clk 00:26:13]} {[%emt 00:05:26]} 26. Rdd1
{[%clk 01:00:59]} {[%emt 00:01:11]} Nd6 {[%clk 00:25:32]} {[%emt 00:01:10]} 27.
g4 {[%clk 00:57:44]} {[%emt 00:03:47]} fxg3+ {[%clk 00:23:54]} {[%emt
00:02:08]} 28. Rxg3 {[%clk 00:57:12]} {[%emt 00:01:02]} Rf7 {[%clk 00:22:47]}
{[%emt 00:01:36]} 29. Rdg1 {[%clk 00:57:30]} {[%emt 00:00:11]} Rdf8 {[%clk
00:20:21]} {[%emt 00:02:57]} 30. R1g2 {[%clk 00:56:39]} {[%emt 00:01:20]} Ne8
{[%clk 00:18:48]} {[%emt 00:02:02]} 31. Ke2 {[%clk 00:54:56]} {[%emt 00:02:14]}
Rf4 {[%clk 00:15:55]} {[%emt 00:03:22]} 32. a3 {[%clk 00:53:03]} {[%emt
00:02:25]} g6 {[%clk 00:14:28]} {[%emt 00:01:56]} 33. Rg5 {[%clk 00:43:55]}
{[%emt 00:09:38]} Rxf3 {[%clk 00:12:36]} {[%emt 00:02:21]} 34. Rxe5 {[%clk
00:43:27]} {[%emt 00:00:58]} Re3+ {[%clk 00:10:39]} {[%emt 00:02:27]} 35. Kd2
{[%clk 00:43:29]} {[%emt 00:00:26]} Bxh3 {[%clk 00:08:21]} {[%emt 00:02:51]}
36. Re2 {[%clk 00:43:32]} {[%emt 00:00:27]} Rxe2+ {[%clk 00:07:13]} {[%emt
00:01:38]} 37. Kxe2 {[%clk 00:43:55]} {[%emt 00:00:07]} Bg4+ {[%clk 00:06:24]}
{[%emt 00:01:19]} 38. Ke1 {[%clk 00:43:52]} {[%emt 00:00:33]} Bc8 {[%clk
00:03:54]} {[%emt 00:03:00]} 39. Ne6 {[%clk 00:43:12]} {[%emt 00:01:11]} Bxe6
{[%clk 00:03:10]} {[%emt 00:01:14]} 40. Rxe6 {[%clk 00:43:35]} {[%emt
00:00:07]} g5 {[%clk 00:02:03]} {[%emt 00:01:37]} 41. Re5 {[%clk 00:42:13]}
{[%emt 00:01:52]} h6 {[%clk 00:01:54]} {[%emt 00:00:40]} 42. Rf5 {[%clk
00:41:50]} {[%emt 00:00:53]} Rxf5 {[%clk 00:28:17]} {[%emt 00:04:07]} 43. exf5
{[%clk 01:12:11]} {[%emt 00:00:09]} Nd6 {[%clk 00:28:17]} {[%emt 00:00:29]} 44.
Nc5 {[%clk 01:12:02]} {[%emt 00:00:39]} Nxf5 {[%clk 00:25:50]} {[%emt
00:02:57]} 45. Kf2 {[%clk 01:11:52]} {[%emt 00:00:40]} Kf7 {[%clk 00:24:30]}
{[%emt 00:01:51]} 46. Ne4 {[%clk 01:11:25]} {[%emt 00:00:57]} Ne3 {[%clk
00:21:28]} {[%emt 00:03:31]} 47. b4 {[%clk 01:11:23]} {[%emt 00:00:33]} axb4
{[%clk 00:20:50]} {[%emt 00:01:07]} 48. axb4 {[%clk 01:11:37]} {[%emt
00:00:16]} Nc2 {[%clk 00:20:11]} {[%emt 00:01:08]} 49. b5 {[%clk 01:12:01]}
{[%emt 00:00:07]} cxb5 {[%clk 00:20:27]} {[%emt 00:00:13]} 50. cxb5 {[%clk
01:12:16]} {[%emt 00:00:16]} Na3 {[%clk 00:18:50]} {[%emt 00:02:07]} 51. Kg3
{[%clk 01:12:22]} {[%emt 00:00:23]} Nxb5 {[%clk 00:17:48]} {[%emt 00:01:33]}
52. Kg4 {[%clk 01:10:22]} {[%emt 00:02:30]} Nc3 {[%clk 00:16:28]} {[%emt
00:01:49]} 53. Nd2 {[%clk 01:10:04]} {[%emt 00:00:48]} Kg6 {[%clk 00:16:26]}
{[%emt 00:00:32]} 54. Nf3 {[%clk 01:10:26]} {[%emt 00:00:09]} h5+ {[%clk
00:16:22]} {[%emt 00:00:34]} 55. Kg3 {[%clk 01:10:50]} {[%emt 00:00:06]} Ne2+
{[%clk 00:16:11]} {[%emt 00:00:41]} 56. Kf2 {[%clk 01:11:05]} {[%emt 00:00:16]}
Nf4 {[%clk 00:16:11]} {[%emt 00:00:28]} 57. Nxd4 {[%clk 01:11:28]} {[%emt
00:00:08]} Nxd3+ {[%clk 00:15:51]} {[%emt 00:00:50]} 58. Kg3 {[%clk 01:11:46]}
{[%emt 00:00:12]} c5 {[%clk 00:15:56]} {[%emt 00:00:25]} 59. Nc2 {[%clk
01:12:08]} {[%emt 00:00:07]} c4 {[%clk 00:16:04]} {[%emt 00:00:23]} 60. Ne3
{[%clk 01:12:20]} {[%emt 00:00:18]} c3 {[%clk 00:16:08]} {[%emt 00:00:26]} 0-1

[Event "ODJM B 2025"]
[Site "Willingen GER"]
[Date "2025.06.11"]
[Round "5"]
[White "Stepanjan, Tatevik Mia"]
[Black "Yüksel, Aran"]
[Result "1/2-1/2"]
[Termination "normal"]
[Board "49"]
[WhiteElo "1604"]
[BlackElo "1531"]
[WhiteClock "00:01:02"]
[BlackClock "00:39:27"]
[PlyCount "62"]
[WhiteFideId "16246128"]
[BlackFideId "16297024"]
[EventCountry "GER"]
[EventRounds "9"]
[EventType "swiss"]
[EventDate "2025.06.07"]

1. e4 {[%clk 01:30:58]} c5 {[%clk 01:30:54]} {[%emt 00:00:07]} 2. Nf3 {[%clk
01:31:14]} {[%emt 00:00:14]} Nc6 {[%clk 01:31:17]} {[%emt 00:00:07]} 3. d4
{[%clk 01:31:27]} {[%emt 00:00:17]} cxd4 {[%clk 01:31:41]} {[%emt 00:00:06]} 4.
Nxd4 {[%clk 01:31:53]} {[%emt 00:00:04]} Nf6 {[%clk 01:32:04]} {[%emt
00:00:08]} 5. Nc3 {[%clk 01:31:48]} {[%emt 00:00:35]} e6 {[%clk 01:32:28]}
{[%emt 00:00:05]} 6. Bg5 {[%clk 01:29:22]} {[%emt 00:02:55]} Be7 {[%clk
01:31:33]} {[%emt 00:01:25]} 7. Be3 {[%clk 01:19:24]} {[%emt 00:10:28]} Bb4
{[%clk 01:29:28]} {[%emt 00:02:35]} 8. Bd3 {[%clk 01:15:39]} {[%emt 00:04:15]}
d5 {[%clk 01:23:56]} {[%emt 00:06:03]} 9. Nxc6 {[%clk 01:02:15]} {[%emt
00:13:53]} bxc6 {[%clk 01:24:14]} {[%emt 00:00:12]} 10. exd5 {[%clk 01:01:46]}
{[%emt 00:00:59]} cxd5 {[%clk 01:24:37]} {[%emt 00:00:07]} 11. Bd2 {[%clk
00:59:40]} {[%emt 00:02:37]} Bd7 {[%clk 01:16:53]} {[%emt 00:08:14]} 12. O-O
{[%clk 00:58:15]} {[%emt 00:01:54]} O-O {[%clk 01:17:08]} {[%emt 00:00:16]} 13.
a3 {[%clk 00:56:46]} {[%emt 00:02:00]} Bd6 {[%clk 01:15:09]} {[%emt 00:02:29]}
14. h3 {[%clk 00:53:45]} {[%emt 00:03:30]} h6 {[%clk 01:14:45]} {[%emt
00:00:54]} 15. Rb1 {[%clk 00:47:00]} {[%emt 00:07:15]} Qe7 {[%clk 01:05:19]}
{[%emt 00:09:56]} 16. Re1 {[%clk 00:46:11]} {[%emt 00:01:19]} a5 {[%clk
01:05:22]} {[%emt 00:00:28]} 17. Nb5 {[%clk 00:39:52]} {[%emt 00:06:49]} Bxb5
{[%clk 01:03:36]} {[%emt 00:02:15]} 18. Bxb5 {[%clk 00:35:12]} {[%emt
00:05:10]} Ne4 {[%clk 01:01:44]} {[%emt 00:02:22]} 19. Be3 {[%clk 00:24:56]}
{[%emt 00:10:45]} Qc7 {[%clk 00:56:39]} {[%emt 00:05:35]} 20. Bd3 {[%clk
00:23:57]} {[%emt 00:01:29]} Nc5 {[%clk 00:54:36]} {[%emt 00:02:34]} 21. Qg4
{[%clk 00:13:25]} {[%emt 00:11:01]} f5 {[%clk 00:53:59]} {[%emt 00:01:08]} 22.
Qe2 {[%clk 00:09:15]} {[%emt 00:04:40]} Nxd3 {[%clk 00:52:46]} {[%emt
00:01:43]} 23. Qxd3 {[%clk 00:09:00]} {[%emt 00:00:45]} Rfb8 {[%clk 00:46:38]}
{[%emt 00:06:38]} 24. Bd2 {[%clk 00:05:45]} {[%emt 00:03:44]} Kf7 {[%clk
00:44:22]} {[%emt 00:02:47]} 25. Bc3 {[%clk 00:04:17]} {[%emt 00:01:57]} a4
{[%clk 00:44:06]} {[%emt 00:00:47]} 26. Qe3 {[%clk 00:03:28]} {[%emt 00:01:19]}
Qd7 {[%clk 00:44:21]} {[%emt 00:00:15]} 27. Qd4 {[%clk 00:03:07]} {[%emt
00:00:51]} Bf8 {[%clk 00:43:48]} {[%emt 00:01:04]} 28. Rbd1 {[%clk 00:01:35]}
{[%emt 00:02:01]} Re8 {[%clk 00:41:18]} {[%emt 00:03:00]} 29. Qe5 {[%clk
00:01:01]} {[%emt 00:01:03]} Kg8 {[%clk 00:40:32]} {[%emt 00:01:17]} 30. Rd3
{[%clk 00:00:39]} {[%emt 00:00:52]} Bd6 {[%clk 00:39:44]} {[%emt 00:01:18]} 31.
Qd4 {[%clk 00:01:02]} {[%emt 00:00:06]} Rac8 {[%clk 00:39:27]} {[%emt
00:00:48]} 1/2-1/2

[Event "ODJM B 2025"]
[Site "Willingen GER"]
[Date "2025.06.11"]
[Round "5"]
[White "Schiewe, Nadin"]
[Black "Classen, Miguel"]
[Result "1-0"]
[Termination "normal"]
[Board "50"]
[WhiteElo "1764"]
[BlackElo "1574"]
[WhiteClock "00:48:51"]
[BlackClock "01:11:49"]
[PlyCount "107"]
[WhiteFideId "16209079"]
[BlackFideId "34623825"]
[EventCountry "GER"]
[EventRounds "9"]
[EventType "swiss"]
[EventDate "2025.06.07"]

1. d4 {[%clk 01:30:58]} {[%emt 00:00:02]} Nf6 {[%clk 01:30:53]} {[%emt
00:00:07]} 2. Nf3 {[%clk 01:31:21]} {[%emt 00:00:07]} d5 {[%clk 01:31:13]}
{[%emt 00:00:10]} 3. e3 {[%clk 01:31:40]} {[%emt 00:00:11]} c5 {[%clk
01:31:21]} {[%emt 00:00:21]} 4. c3 {[%clk 01:31:59]} {[%emt 00:00:11]} Nc6
{[%clk 01:31:24]} {[%emt 00:00:27]} 5. Bd3 {[%clk 01:32:17]} {[%emt 00:00:12]}
Bg4 {[%clk 01:31:43]} {[%emt 00:00:12]} 6. Nbd2 {[%clk 01:32:22]} {[%emt
00:00:25]} e6 {[%clk 01:32:00]} {[%emt 00:00:12]} 7. Qa4 {[%clk 01:26:00]}
{[%emt 00:06:53]} a6 {[%clk 01:30:37]} {[%emt 00:01:53]} 8. dxc5 {[%clk
01:24:15]} {[%emt 00:02:14]} Bxc5 {[%clk 01:30:14]} {[%emt 00:00:54]} 9. Ne5
{[%clk 01:24:24]} {[%emt 00:00:21]} b5 {[%clk 01:28:43]} {[%emt 00:02:01]} 10.
Bxb5 {[%clk 01:23:24]} {[%emt 00:01:30]} axb5 {[%clk 01:24:20]} {[%emt
00:04:53]} 11. Qxb5 {[%clk 01:23:38]} {[%emt 00:00:16]} O-O {[%clk 01:17:26]}
{[%emt 00:07:24]} 12. Nxc6 {[%clk 01:18:30]} {[%emt 00:05:38]} Qd6 {[%clk
01:16:31]} {[%emt 00:01:25]} 13. Nd4 {[%clk 01:17:05]} {[%emt 00:01:55]} Bxd4
{[%clk 01:16:03]} {[%emt 00:00:58]} 14. exd4 {[%clk 01:15:55]} {[%emt
00:01:39]} Qf4 {[%clk 01:14:39]} {[%emt 00:01:53]} 15. Qd3 {[%clk 01:09:27]}
{[%emt 00:06:59]} Bf5 {[%clk 01:13:07]} {[%emt 00:02:01]} 16. Qf3 {[%clk
01:07:31]} {[%emt 00:02:25]} Qc7 {[%clk 01:12:22]} {[%emt 00:01:15]} 17. O-O
{[%clk 01:05:21]} {[%emt 00:02:41]} Rfb8 {[%clk 01:10:36]} {[%emt 00:02:17]}
18. Re1 {[%clk 01:01:01]} {[%emt 00:04:50]} Rb6 {[%clk 01:08:36]} {[%emt
00:02:29]} 19. Nf1 {[%clk 00:57:15]} {[%emt 00:04:16]} Rba6 {[%clk 01:08:27]}
{[%emt 00:00:39]} 20. a3 {[%clk 00:56:47]} {[%emt 00:00:59]} Qc4 {[%clk
01:08:33]} {[%emt 00:00:23]} 21. Ne3 {[%clk 00:54:59]} {[%emt 00:02:18]} Be4
{[%clk 01:07:22]} {[%emt 00:01:42]} 22. Qxe4 {[%clk 00:53:40]} {[%emt
00:01:49]} Nxe4 {[%clk 01:07:00]} {[%emt 00:00:51]} 23. Nxc4 {[%clk 00:54:02]}
{[%emt 00:00:08]} dxc4 {[%clk 01:07:26]} {[%emt 00:00:04]} 24. Rxe4 {[%clk
00:54:24]} {[%emt 00:00:08]} Rd6 {[%clk 01:07:38]} {[%emt 00:00:18]} 25. Re5
{[%clk 00:53:19]} {[%emt 00:01:35]} Rc8 {[%clk 01:07:25]} {[%emt 00:00:44]} 26.
a4 {[%clk 00:51:42]} {[%emt 00:02:07]} f6 {[%clk 01:07:38]} {[%emt 00:00:17]}
27. Rb5 {[%clk 00:51:53]} {[%emt 00:00:18]} e5 {[%clk 01:07:56]} {[%emt
00:00:13]} 28. Be3 {[%clk 00:52:07]} {[%emt 00:00:16]} exd4 {[%clk 01:08:13]}
{[%emt 00:00:13]} 29. Bxd4 {[%clk 00:52:20]} {[%emt 00:00:17]} Ra8 {[%clk
01:08:32]} {[%emt 00:00:10]} 30. a5 {[%clk 00:50:46]} {[%emt 00:02:04]} Rda6
{[%clk 01:08:51]} {[%emt 00:00:11]} 31. Bb6 {[%clk 00:49:46]} {[%emt 00:01:31]}
Rc8 {[%clk 01:08:53]} {[%emt 00:00:27]} 32. Rc5 {[%clk 00:49:07]} {[%emt
00:01:08]} Rb8 {[%clk 01:09:01]} {[%emt 00:00:24]} 33. Rd1 {[%clk 00:48:54]}
{[%emt 00:00:42]} Kf7 {[%clk 01:09:12]} {[%emt 00:00:19]} 34. Rxc4 {[%clk
00:48:55]} {[%emt 00:00:29]} Raa8 {[%clk 01:09:13]} {[%emt 00:00:30]} 35. b4
{[%clk 00:47:36]} {[%emt 00:01:49]} Re8 {[%clk 01:09:06]} {[%emt 00:00:36]} 36.
Rc7+ {[%clk 00:47:27]} {[%emt 00:00:39]} Kg6 {[%clk 01:09:31]} {[%emt
00:00:06]} 37. b5 {[%clk 00:46:50]} {[%emt 00:01:07]} Re5 {[%clk 01:06:56]}
{[%emt 00:03:03]} 38. c4 {[%clk 00:47:01]} {[%emt 00:00:20]} Rae8 {[%clk
01:07:19]} {[%emt 00:00:07]} 39. g3 {[%clk 00:46:55]} {[%emt 00:00:36]} Re4
{[%clk 01:07:37]} {[%emt 00:00:13]} 40. a6 {[%clk 00:46:28]} {[%emt 00:00:57]}
Ra8 {[%clk 01:07:44]} {[%emt 00:00:21]} 41. a7 {[%clk 00:46:04]} {[%emt
00:00:55]} Ree8 {[%clk 01:08:05]} {[%emt 00:00:09]} 42. Be3 {[%clk 00:45:52]}
{[%emt 00:00:43]} Re6 {[%clk 01:08:11]} {[%emt 00:00:23]} 43. b6 {[%clk
00:46:09]} {[%emt 00:00:14]} Ree8 {[%clk 01:08:22]} {[%emt 00:00:19]} 44. b7
{[%clk 00:46:30]} {[%emt 00:00:09]} h6 {[%clk 01:08:38]} {[%emt 00:00:14]} 45.
bxa8=Q {[%clk 00:46:43]} {[%emt 00:00:14]} Rxa8 {[%clk 01:09:04]} {[%emt
00:00:06]} 46. Rb7 {[%clk 00:46:59]} {[%emt 00:00:14]} Rc8 {[%clk 01:09:18]}
{[%emt 00:00:16]} 47. Rb8 {[%clk 00:47:17]} {[%emt 00:00:13]} Rxb8 {[%clk
01:09:43]} {[%emt 00:00:05]} 48. axb8=Q {[%clk 00:47:40]} {[%emt 00:00:07]} Kh5
{[%emt 00:00:23]} 49. Rd5+ {[%clk 00:47:58]} Kg6 {[%clk 01:10:15]} {[%emt
00:00:17]} 50. Qe8+ {[%clk 00:48:10]} {[%emt 00:00:17]} Kh7 {[%clk 01:10:37]}
{[%emt 00:00:08]} 51. h4 {[%clk 00:48:11]} {[%emt 00:00:29]} f5 {[%clk
01:11:00]} {[%emt 00:00:08]} 52. h5 {[%clk 00:48:32]} {[%emt 00:00:08]} f4
{[%clk 01:11:24]} {[%emt 00:00:07]} 53. Qg6+ {[%clk 00:48:57]} {[%emt
00:00:04]} Kg8 {[%clk 01:11:49]} {[%emt 00:00:05]} 54. Rd8# {[%clk 00:48:51]}
{[%emt 00:00:04]} 1-0

[Event "ODJM B 2025"]
[Site "Willingen GER"]
[Date "2025.06.11"]
[Round "5"]
[White "Lau, Lars"]
[Black "Stoos, Laura-Alice"]
[Result "1-0"]
[Termination "normal"]
[Board "51"]
[WhiteElo "1569"]
[BlackElo "1706"]
[WhiteClock "00:41:26"]
[BlackClock "00:10:47"]
[PlyCount "97"]
[WhiteFideId "34623663"]
[BlackFideId "34651497"]
[EventCountry "GER"]
[EventRounds "9"]
[EventType "swiss"]
[EventDate "2025.06.07"]

1. d4 {[%clk 01:30:58]} {[%emt 00:00:01]} Nf6 {[%clk 01:30:56]} {[%emt
00:00:05]} 2. c4 {[%clk 01:31:23]} {[%emt 00:00:04]} c5 {[%clk 01:31:23]}
{[%emt 00:00:04]} 3. e3 {[%clk 01:31:46]} {[%emt 00:00:06]} e6 {[%clk
01:31:43]} {[%emt 00:00:10]} 4. Nf3 {[%clk 01:32:05]} {[%emt 00:00:11]} d5
{[%clk 01:31:50]} {[%emt 00:00:23]} 5. Nc3 {[%clk 01:30:43]} {[%emt 00:01:53]}
Nbd7 {[%clk 01:31:00]} {[%emt 00:01:19]} 6. b3 {[%clk 01:30:09]} {[%emt
00:01:04]} b6 {[%clk 01:31:15]} {[%emt 00:00:16]} 7. Be2 {[%clk 01:29:24]}
{[%emt 00:01:14]} Bd6 {[%clk 01:31:16]} {[%emt 00:00:29]} 8. Nb5 {[%clk
01:28:43]} {[%emt 00:01:11]} Be7 {[%clk 01:28:53]} {[%emt 00:02:53]} 9. Bb2
{[%clk 01:24:09]} {[%emt 00:05:04]} a6 {[%clk 01:29:07]} {[%emt 00:00:16]} 10.
Nc3 {[%clk 01:23:04]} {[%emt 00:01:35]} Bb7 {[%clk 01:29:07]} {[%emt 00:00:31]}
11. O-O {[%clk 01:21:11]} {[%emt 00:02:22]} O-O {[%clk 01:26:59]} {[%emt
00:02:37]} 12. Qc2 {[%clk 01:20:25]} {[%emt 00:01:17]} Ne4 {[%clk 01:24:17]}
{[%emt 00:03:11]} 13. Rfd1 {[%clk 01:16:17]} {[%emt 00:04:40]} f5 {[%clk
01:17:19]} {[%emt 00:07:27]} 14. cxd5 {[%clk 01:11:49]} {[%emt 00:04:58]} Nxc3
{[%clk 01:14:50]} {[%emt 00:02:58]} 15. Qxc3 {[%clk 01:11:20]} {[%emt
00:01:00]} Bxd5 {[%clk 01:12:04]} {[%emt 00:03:16]} 16. Bc4 {[%clk 01:09:59]}
{[%emt 00:01:51]} Bf6 {[%clk 00:52:05]} {[%emt 00:20:28]} 17. Qc2 {[%clk
01:06:40]} {[%emt 00:03:49]} Bxc4 {[%clk 00:50:30]} {[%emt 00:02:05]} 18. Qxc4
{[%clk 01:03:31]} {[%emt 00:03:40]} Qe7 {[%clk 00:48:05]} {[%emt 00:02:55]} 19.
Rd2 {[%clk 00:59:37]} {[%emt 00:04:25]} b5 {[%clk 00:45:07]} {[%emt 00:03:27]}
20. Qd3 {[%clk 00:57:16]} {[%emt 00:02:51]} cxd4 {[%clk 00:44:38]} {[%emt
00:00:59]} 21. Nxd4 {[%clk 00:55:28]} {[%emt 00:02:18]} Qd6 {[%clk 00:38:44]}
{[%emt 00:06:22]} 22. Qe2 {[%clk 00:53:35]} {[%emt 00:02:24]} Qe7 {[%clk
00:25:30]} {[%emt 00:13:44]} 23. Rad1 {[%clk 00:51:23]} {[%emt 00:02:42]} Nc5
{[%clk 00:21:19]} {[%emt 00:04:41]} 24. Ba3 {[%clk 00:48:32]} {[%emt 00:03:22]}
Rfc8 {[%clk 00:19:05]} {[%emt 00:02:44]} 25. Bxc5 {[%clk 00:44:21]} {[%emt
00:04:41]} Rxc5 {[%clk 00:19:18]} {[%emt 00:00:17]} 26. Nf3 {[%clk 00:42:25]}
{[%emt 00:02:26]} Rac8 {[%clk 00:15:56]} {[%emt 00:03:51]} 27. e4 {[%clk
00:40:26]} {[%emt 00:02:30]} fxe4 {[%clk 00:13:44]} {[%emt 00:02:42]} 28. Qxe4
{[%clk 00:40:35]} {[%emt 00:00:21]} Rc1 {[%clk 00:12:56]} {[%emt 00:01:18]} 29.
g3 {[%clk 00:40:19]} {[%emt 00:00:46]} g6 {[%clk 00:10:45]} {[%emt 00:02:41]}
30. Kg2 {[%clk 00:39:44]} {[%emt 00:01:05]} Rxd1 {[%clk 00:10:23]} {[%emt
00:00:52]} 31. Rxd1 {[%clk 00:40:09]} {[%emt 00:00:04]} Kf7 {[%clk 00:09:45]}
{[%emt 00:01:08]} 32. a4 {[%clk 00:36:14]} {[%emt 00:04:26]} b4 {[%clk
00:08:34]} {[%emt 00:01:40]} 33. Qf4 {[%clk 00:34:14]} {[%emt 00:02:31]} Kg7
{[%clk 00:06:54]} {[%emt 00:02:06]} 34. Qe4 {[%clk 00:26:29]} {[%emt 00:08:19]}
Rc5 {[%clk 00:05:09]} {[%emt 00:02:15]} 35. Qxb4 {[%clk 00:25:06]} {[%emt
00:01:52]} a5 {[%clk 00:04:05]} {[%emt 00:01:35]} 36. Qb6 {[%clk 00:24:02]}
{[%emt 00:01:34]} Rf5 {[%clk 00:02:18]} {[%emt 00:02:17]} 37. Nd4 {[%clk
00:23:12]} {[%emt 00:01:20]} Bxd4 {[%clk 00:01:23]} {[%emt 00:01:25]} 38. Qxd4+
{[%clk 00:23:37]} {[%emt 00:00:04]} Kf7 {[%clk 00:01:44]} {[%emt 00:00:09]} 39.
g4 {[%clk 00:23:37]} {[%emt 00:00:30]} Qb7+ {[%clk 00:01:08]} {[%emt 00:01:07]}
40. Kg1 {[%clk 00:23:46]} {[%emt 00:00:21]} Rd5 {[%clk 00:01:05]} {[%emt
00:00:32]} 41. Qf4+ {[%clk 00:23:18]} {[%emt 00:00:58]} Kg7 {[%clk 00:29:50]}
{[%emt 00:01:44]} 42. Rc1 {[%clk 00:50:30]} {[%emt 00:03:20]} Rd7 {[%clk
00:27:07]} {[%emt 00:03:12]} 43. Qe5+ {[%clk 00:50:41]} {[%emt 00:00:20]} Kh6
{[%clk 00:21:53]} {[%emt 00:05:43]} 44. Qxe6 {[%clk 00:48:57]} {[%emt
00:02:15]} Re7 {[%clk 00:20:39]} {[%emt 00:01:43]} 45. Qf6 {[%clk 00:43:24]}
{[%emt 00:06:04]} Qe4 {[%clk 00:16:21]} {[%emt 00:04:46]} 46. Rc4 {[%clk
00:41:14]} {[%emt 00:02:42]} Qe1+ {[%clk 00:11:00]} {[%emt 00:05:51]} 47. Kg2
{[%clk 00:41:38]} {[%emt 00:00:06]} Re4 {[%clk 00:10:33]} {[%emt 00:00:57]} 48.
g5+ {[%clk 00:40:59]} {[%emt 00:01:09]} Kh5 {[%clk 00:10:47]} {[%emt 00:00:15]}
49. Qf3+ {[%clk 00:41:26]} {[%emt 00:00:04]} 1-0